| 000 | 01067nam a22002897a 4500 | ||
|---|---|---|---|
| 005 | 20090615161339.0 | ||
| 008 | 090512t xxu||||| |||| 00| 0 eng d | ||
| 010 | _aENG-94015 | ||
| 020 |
_a9788173815645 _c240.00 |
||
| 020 |
_a817381564X _c240.00 |
||
| 035 | _aEN-77548 | ||
| 037 | _bDBAD / PUB | ||
| 040 |
_adpl _bEnglish |
||
| 082 | _a336 | ||
| 100 | _aMukherjee, Sampat | ||
| 245 |
_aAnalytical public finance: _cby Sampat Mukherjee, Amitava Ghosh [and] Ranjanendra N. Nag _bpublic economics-public choice-public policies: Ricardo to Musgrave / |
||
| 260 |
_aKolkata _bNew Central Book Agency _c2008 |
||
| 270 |
_a8/1, Chintamoni Das Lane, _bKolkata _e700009 |
||
| 300 |
_avii, 292p. _c26cm(pbk) |
||
| 500 | _aIncludes glossary | ||
| 650 | _aFinance, public | ||
| 650 | _aSocial choice | ||
| 700 | _aGhose, Amitava | ||
| 700 | _aNag, Ranjanendra N. | ||
| 942 |
_2ddc _cEN _mMUK _h336 |
||
| 999 |
_c27476 _d27476 |
||